Ms. Marvel Quiz (SPOILERS) - Statistics

General Stats
  • This quiz has been taken 25 times
    8 since last reset
  • The average score is 6 of 18
Answer Stats
Actor Role % Correct
Iman Vellani Kamala Khan/Ms. Marvel
100%
Matt Lintz Bruno Carrelli
86%
Brie Larson Carol Danvers/Captain Marvel
71%
Rish Shah Kamran
43%
Nimra Bucha Najma
43%
Yasmeen Fletcher Nakia Bahadir
43%
Saagar Shaikh Aamir Khan
29%
Zenobia Shroff Muneeba Khan
29%
Mohan Kapoor Yusuf Khan
29%
Arian Moayed Agent Cleary
14%
Alysia Reiner Agent Deever
14%
Mehwish Hayat Aisha
14%
Aramis Knight Kareem/Red Dagger
14%
Samina Ahmad Sana
14%
Laith Nakli Sheikh Abdullah
14%
Travina Springer Tyesha Hillman
14%
Farhan Aktar Waleed
14%
Laurel Marsden Zoe Zimmer
14%
No matching quizzes found
Score Distribution
Percent of People with Each Score
Percentile by Number Answered
Your Score History
You have not taken this quiz since the last reset